| 000 | 00872cam a22002891 4500 | ||
|---|---|---|---|
| 001 | 30342 | ||
| 003 | BD-RjUL | ||
| 005 | 20211209051541.0 | ||
| 008 | 140409s1963 xx a 001 0 eng | ||
| 035 | _a(BD-RjUL)30427 | ||
| 035 | _a(OCoLC)14625688 | ||
| 040 |
_aDLC _cDNLM _dOCoCU _dUk _dDLC _dBD-RjUL _beng |
||
| 041 | _aeng | ||
| 060 | 0 |
_aWM 170 _bE33n 1963 |
|
| 082 |
_a301.15 _bEHN 1963 |
||
| 100 | 1 |
_aEhrenwald, Jan, _d1900-1988. _992237 |
|
| 245 | 1 | 0 |
_aNeurosis in the family and patterns of psychosocial defense : _ba study of psychiatric epidemiology / _cJan Ehrenwald |
| 260 |
_aNew York : _bHoeber, _cc1963. |
||
| 300 |
_axii, 203 p. : _bill. ; _c21cm. |
||
| 504 | _aIncludes index. | ||
| 650 | 0 |
_aSocial psychiatry. _918415 |
|
| 650 | 0 |
_aFamilies. _992238 |
|
| 650 | 0 |
_aNeuroses. _992239 |
|
| 942 |
_2ddc _cBK |
||
| 999 |
_c30342 _d30342 |
||